|
|
|
|
| LEADER |
01547nam a2200301 a 4500 |
| 001 |
1594986 |
| 008 |
091012s1996 dcua b i100 0 eng d |
| 010 |
|
|
|a 94000354
|
| 020 |
|
|
|a 0821327674
|
| 040 |
|
|
|a DLC
|c DLC
|d DLC
|
| 082 |
0 |
0 |
|a 362.5/8/09660917521
|2 20
|
| 245 |
0 |
4 |
|a The design and management of poverty reduction programs and projects in Anglophone Africa :
|b proceedings of a seminar sponsored jointly by the Economic Development Institute of the World Bank and the Uganda Management Institute /
|c edited by Michael Bamberger, Abdullahi M. Yahie, George Matovu.
|
| 260 |
|
|
|a Washington, D.C. :
|b World Bank,
|c c1996.
|
| 300 |
|
|
|a xxii, 195 p. :
|b ill. ;
|c 28 cm.
|
| 490 |
0 |
|
|a EDI learning resources series,
|x 1020-3842
|
| 504 |
|
|
|a Includes bibliographical references (p. 189-195).
|
| 541 |
1 |
|
|e 00007146
|
| 650 |
|
0 |
|a Economic assistance, Domestic
|z Africa, Sub-Saharan
|x Congresses.
|
| 650 |
|
0 |
|a Rural development projects
|z Africa, Sub-Saharan
|x Congresses.
|
| 650 |
|
0 |
|a Poor
|z Africa, Sub-Saharan
|x Congresses.
|
| 700 |
1 |
|
|a Bamberger, Michael.
|
| 700 |
0 |
|
|a Abdullahi M. Yahie
|q (Abdullahi Mohamed Yahie)
|
| 700 |
1 |
|
|a Matovu, George,
|d 1949-
|
| 710 |
2 |
|
|a Economic Development Institute (Washington, D.C.)
|
| 710 |
2 |
|
|a Uganda Management Institute.
|
| 852 |
4 |
|
|a Ayesha Abed Library
|j General Shelf.
|
| 999 |
|
|
|c 4517
|d 4517
|
| 952 |
|
|
|0 0
|1 0
|2 ddc
|4 0
|6 362_580966091752100_DES_1996
|7 0
|9 4250
|a BRACUL
|b BRACUL
|c GEN
|d 2009-10-12
|g 0.00
|l 0
|o 362.5809660917521 DES
|p 3010007146
|r 2009-10-12
|t 1
|w 2009-10-12
|y BK
|x No price found in the accession register.
|